000 00543nam a2200193 a 4500
005 20140310183202.0
008 030106s19uu xx 00 eng d
020 _a0688142265
050 _aRC 489.M65
_b.R438 1995
100 _aReynolds, David K.
245 _aA Handbook for Constructive living /
_cDavid K. Reynolds.
260 _aHonolulu :
_bUniversity of Hawaii Press,
_c1995.
300 _a293 p. :
_c22 cm.
521 _aPSYCH
650 _aPsychotheraphy
650 _aConduct of life
942 _cBK
_2lcc
_kFOR
999 _c19895
_d19895